Accounting Information Systems (Record no. 351795)

000 -LEADER
fixed length control field 00468nam a22001817a 4500
003 - CONTROL NUMBER IDENTIFIER
control field OSt
005 - DATE AND TIME OF LATEST TRANSACTION
control field 20180116183055.0
008 - FIXED-LENGTH DATA ELEMENTS--GENERAL INFORMATION
fixed length control field 160907b xxu||||| |||| 00| 0 eng d
020 ## - INTERNATIONAL STANDARD BOOK NUMBER
International Standard Book Number 0
040 ## - CATALOGING SOURCE
Transcribing agency 0
082 ## - DEWEY DECIMAL CLASSIFICATION NUMBER
Classification number 657.0285 ROM 1996
100 ## - MAIN ENTRY--PERSONAL NAME
Personal name Romney
245 ## - TITLE STATEMENT
Title Accounting Information Systems
Statement of responsibility, etc. Romney
260 ## - PUBLICATION, DISTRIBUTION, ETC.
Place of publication, distribution, etc. USA
Name of publisher, distributor, etc. Addison-Wesley Publishing Company
Date of publication, distribution, etc. 1996
300 ## - PHYSICAL DESCRIPTION
Extent 763+p
Other physical details HB
440 ## - SERIES STATEMENT/ADDED ENTRY--TITLE
Title Accounting Information Systems
942 ## - ADDED ENTRY ELEMENTS (KOHA)
Source of classification or shelving scheme
Koha item type bound volumes
Holdings
Withdrawn status Lost status Source of classification or shelving scheme Damaged status Not for loan Collection code Permanent Location Current Location Shelving location Date acquired Total Checkouts Full call number Barcode Date last seen Price effective from Koha item type
            Central Library (CL) Central Library (CL) General Stacks 09/07/2016   657.0285 ROM 1996 NBSD-2830 09/07/2016 09/07/2016 bound volumes
© 2023 Central Library, National University of Sciences and Technology. All Rights Reserved.